Les 10 plus hauts gratte ciels de France en image - Statistiques

Statistiques générales
  • Ce quiz a été pris 40 fois
  • Le résultat moyen est 4 sur 10
Statistiques - réponses
Par images Réponse % Correct
Tour Montparnasse
92%
Tour Total
54%
Tour First
38%
Tour Incity
38%
The Link
27%
Tour Duo 1
27%
Tour Hekla
27%
Tour Granite
19%
Tour Majunga
15%
Tour T1
12%
Aucun quiz correspondant
Distribution des résultats
% des personnes avec chaque résultat
Percentile par nombre de réponses
Votre historique - résultats
Vous n’avez pas pris ce quiz